[Event "ICS rated blitz match"]
[Site "204.178.125.65"]
[Date "2000.10.08"]
[Round "?"]
[White "escorp"]
[Black "Hossa"]
[Result "1-0"]
[WhiteElo "2597"]
[BlackElo "2577"]
[PlyCount "133"]
[EventDate "2000.??.??"]

1. d4 d5 2. c4 c6 3. Nc3 Nf6 4. e3 e6 5. Nf3 Nbd7 6. Qc2 Be7 7. b3 O-O 8. Bd3
b6 9. O-O Bb7 10. Bb2 Bd6 11. Ng5 Bxh2+ 12. Kxh2 Ng4+ 13. Kg1 Qxg5 14. Bxh7+
Kh8 15. Ba3 Qh4 16. Bd6 dxc4 17. Be4 e5 18. Rfd1 cxb3 19. axb3 Rfd8 20. Bf3
exd4 21. Rxd4 Ndf6 22. Bg3 Qh5 23. Rxd8+ Rxd8 24. Rxa7 Rd7 25. Na4 Kg8 26. Nxb6
Re7 27. Bd6 c5 28. Bxb7 Re8 29. Nc8 Rd8 30. Ne7+ Kh8 31. Bf3 Qh4 32. Nf5 Qh5
33. Rc7 Re8 34. Qxc5 Kh7 35. Nxg7 Qxc5 36. Rxc5 Kxg7 37. Rg5+ Kh6 38. Bf4 Nxf2
39. Kxf2 Kh7 40. Be5 Nd7 41. Rg7+ Kh6 42. Bd4 Nc5 43. g4 Ne4+ 44. Ke1 Ng5 45.
Bc6 Rb8 46. Bd5 Rd8 47. Bxf7 Nf3+ 48. Kf2 Nxd4 49. Rg6+ Kh7 50. exd4 Rf8 51.
Rf6 Kg7 52. Rf3 Rxf7 53. Rxf7+ Kxf7 54. g5 Kf8 55. b4 Kf7 56. Kg1 Kg6 57. b5
Kf7 58. b6 Ke6 59. Kf2 Kd7 60. g6 Ke6 61. b7 Kd6 62. b8=Q+ Kd5 63. Ke3 Kc4 64.
g7 Kc3 65. g8=Q Kc2 66. Qbb3+ Kc1 67. Qc8# {Hossa checkmated} 1-0

[Event "ICS rated blitz match"]
[Site "204.178.125.65"]
[Date "2000.10.08"]
[Round "?"]
[White "QueenMaxima"]
[Black "Hossa"]
[Result "0-1"]
[WhiteElo "2545"]
[BlackElo "2562"]
[PlyCount "156"]
[EventDate "2000.??.??"]

1. d4 Nf6 2. Bf4 g6 3. Nf3 Bg7 4. e3 O-O 5. Nbd2 d6 6. h3 c5 7. Bg5 cxd4 8.
Nxd4 Qa5 9. Bxf6 Bxf6 10. c3 Nc6 11. Bd3 Ne5 12. N2f3 Nxd3+ 13. Qxd3 Qb6 14.
O-O-O Bd7 15. Qe4 a5 16. Rhe1 e5 17. Nc2 Be6 18. Qa4 Rac8 19. Nd2 Qc7 20. Ne4
Be7 21. f4 b5 22. Qxb5 Rb8 23. Qd3 Bxa2 24. Nxd6 exf4 25. Nb5 Qb7 26. exf4 Bh4
27. Re5 Bf6 28. Rc5 Qxg2 29. Nbd4 Bxd4 30. cxd4 a4 31. Qd2 Qxh3 32. Rc7 Qf5 33.
Rh1 Rfc8 34. Rc5 Rxc5 35. dxc5 Qxc5 36. Qd4 Qxd4 37. Nxd4 Rb4 38. Nc2 Rxf4 39.
Re1 Bb3 40. Na1 h6 41. Nxb3 axb3 42. Re3 Rb4 43. Kd2 Rb7 44. Kc3 f6 45. Kc4 h5
46. Rg3 Kg7 47. Rh3 Rb8 48. Re3 g5 49. Rf3 Kg6 50. Re3 g4 51. Rg3 f5 52. Rd3 f4
53. Rd6+ Kg5 54. Rd5+ Kh4 55. Rf5 g3 56. Rxf4+ Kh3 57. Rf3 Kh2 58. Rf5 h4 59.
Rd5 g2 60. Rd2 h3 61. Re2 Kh1 62. Re3 h2 63. Rxb3 Rxb3 64. Kxb3 Kg1 65. Kc4 Kf1
66. b4 Ke2 67. Kc5 Kd3 68. b5 Kc3 69. Kb6 Kd4 70. Kc6 Ke5 71. Kb7 Kd5 72. Kc7
Kc5 73. Kd7 g1=Q 74. Kd8 Kxb5 75. Ke7 Qg6 76. Kf8 Qe6 77. Kg7 h1=Q 78. Kf8
Qhh6# {QueenMaxima checkmated} 0-1

[Event "ICS rated blitz match"]
[Site "204.178.125.65"]
[Date "2000.10.08"]
[Round "?"]
[White "Hossa"]
[Black "QueenMaxima"]
[Result "1-0"]
[WhiteElo "2577"]
[BlackElo "2530"]
[PlyCount "171"]
[EventDate "2000.??.??"]

1. e4 c5 2. Nf3 e6 3. d4 cxd4 4. Nxd4 Nc6 5. Nc3 Qc7 6. Be3 a6 7. Be2 Nf6 8.
O-O Be7 9. Nxc6 bxc6 10. Qd2 Rb8 11. e5 Nd5 12. Nxd5 exd5 13. Qd4 O-O 14. Rfe1
Re8 15. Rab1 d6 16. Bf4 a5 17. Bd3 Rb4 18. Qe3 dxe5 19. Bxe5 Qd8 20. Qg3 Rg4
21. Bc7 Qd7 22. Qh3 f5 23. Bb6 Rb4 24. Be3 Bf6 25. c3 Rh4 26. Qf3 Be5 27. g3
Rg4 28. Re2 Bf6 29. Bb6 Rxe2 30. Qxe2 Bd8 31. Re1 Bxb6 32. Qe8+ Qxe8 33. Rxe8+
Kf7 34. Rxc8 Rg5 35. Kf1 Rg6 36. Rb8 Bc5 37. Ra8 Bb6 38. Ra6 c5 39. Bxf5 Rf6
40. Bc2 Re6 41. Bxh7 g6 42. Ra8 Rd6 43. Bg8+ Kg7 44. Rc8 c4 45. Re8 a4 46. a3
Bc5 47. Rc8 Bb6 48. Kg2 Bd8 49. Be6 Be7 50. Bg4 Rb6 51. Bf3 Rb5 52. Rc7 Kf6 53.
Rc6+ Kg7 54. h4 Bf6 55. Ra6 d4 56. Rxa4 Rxb2 57. Rxc4 dxc3 58. Bc6 Rb3 59. a4
c2 60. Be4 Rc3 61. Rxc3 Bxc3 62. Bxc2 Bd4 63. Bxg6 Kxg6 64. g4 Be5 65. a5 Kf6
66. a6 Bd4 67. f4 Ke6 68. g5 Kf5 69. h5 Bc5 70. h6 Kg6 71. f5+ Kh7 72. Kf3 Bd4
73. Kg4 Ba7 74. Kh5 Kg8 75. g6 Be3 76. f6 Kf8 77. h7 Ke8 78. f7+ Kd7 79. g7 Kc6
80. f8=Q Bc5 81. Qxc5+ Kxc5 82. g8=Q Kd4 83. h8=Q+ Ke3 84. Qg4 Kf2 85. Qhd4+
Kf1 86. Qdg1# {QueenMaxima checkmated} 1-0

[Event "ICS rated blitz match"]
[Site "204.178.125.65"]
[Date "2000.10.08"]
[Round "?"]
[White "QueenMaxima"]
[Black "Hossa"]
[Result "0-1"]
[WhiteElo "2516"]
[BlackElo "2591"]
[PlyCount "126"]
[EventDate "2000.??.??"]

1. d4 Nf6 2. Bf4 g6 3. Nf3 Bg7 4. e3 O-O 5. h3 d6 6. Nbd2 c5 7. Bg5 cxd4 8.
Nxd4 Qa5 9. Bxf6 Bxf6 10. c3 Nc6 11. Bd3 Ne5 12. N2f3 Nxd3+ 13. Qxd3 Qb6 14.
O-O-O Bd7 15. Qe4 a5 16. Rhe1 e5 17. Nc2 Be6 18. Qd3 Rfd8 19. Nd2 Bxa2 20. h4
Bxh4 21. Rh1 Be7 22. Rh6 Bg5 23. Rh2 Be6 24. Nf3 Bf6 25. Rdh1 h5 26. Nd2 d5 27.
Qe2 Bf5 28. Nf1 Qb3 29. Ng3 Be4 30. Ne1 Qa2 31. Nc2 Bxc2 32. Qxc2 d4 33. Ne4
Bg7 34. Rh4 f5 35. Nc5 Bf6 36. R4h3 dxc3 37. Qxc3 Rac8 38. Kc2 Rd5 39. Ne4
Rxc3+ 40. Nxc3 Rc5 41. e4 Qa4+ 42. Kb1 Rxc3 43. Rxc3 Qxe4+ 44. Rc2 Qxg2 45. Rd1
Kf7 46. Rd6 Be7 47. Rc7 Qxf2 48. Rdd7 Qh4 49. Rxb7 Ke6 50. b4 Bxb4 51. Kb2 e4
52. Rd1 Qf2+ 53. Kb1 Qf3 54. Rb6+ Ke5 55. Rb5+ Kf4 56. Rdd5 Qb3+ 57. Kc1 Qc3+
58. Kb1 e3 59. Rxf5+ gxf5 60. Rxb4+ axb4 61. Ka2 e2 62. Kb1 e1=Q+ 63. Ka2 Qc2#
{QueenMaxima checkmated} 0-1

[Event "ICS rated blitz match"]
[Site "204.178.125.65"]
[Date "2000.10.08"]
[Round "?"]
[White "Hossa"]
[Black "QueenMaxima"]
[Result "1-0"]
[WhiteElo "2604"]
[BlackElo "2503"]
[PlyCount "203"]
[EventDate "2000.??.??"]

1. e4 c5 2. c3 d5 3. exd5 Qxd5 4. d4 e6 5. Nf3 Nf6 6. Bd3 Be7 7. O-O O-O 8. c4
Qd7 9. dxc5 Rd8 10. Ne5 Qd4 11. Qe2 Bxc5 12. Rd1 Ne4 13. Ng4 f5 14. Bc2 Qxd1+
15. Bxd1 fxg4 16. Be3 g3 17. hxg3 Bxe3 18. fxe3 Nc6 19. Ba4 Bd7 20. Qf3 Nd6 21.
Qf4 e5 22. Qh4 Kh8 23. Nc3 Nf5 24. Qe4 Nfe7 25. b4 Bf5 26. Qh4 Ng6 27. Qg5 Be6
28. Bc2 Nce7 29. c5 Rd2 30. Rc1 a5 31. bxa5 Rxa5 32. e4 Rd8 33. Qe3 Rc8 34. Bd1
Raxc5 35. a4 b6 36. Be2 Bb3 37. Ba6 R8c7 38. Bb5 Ng8 39. Ne2 Bc2 40. g4 Nf6 41.
g5 Ng8 42. Be8 N6e7 43. Rf1 Ra7 44. Nc3 Ra8 45. Bb5 Rac8 46. Nb1 Rd8 47. Nd2
Rd4 48. Ra1 Ng6 49. Ra2 N8e7 50. g3 Nc8 51. Ba6 Bxa4 52. Qe1 Nd6 53. Bd3 Rc3
54. Bb1 Nf7 55. Rb2 b5 56. Nf1 Rf3 57. Nd2 Nxg5 58. Kh1 Rc3 59. Nf1 Rc6 60. Qe3
Rd1 61. Qxg5 Rxf1+ 62. Kg2 Rcc1 63. Qd8+ Rf8 64. Qg5 Rfc8 65. Bd3 R1c5 66. Kg1
Nf8 67. Rh2 b4 68. Qf5 Bd7 69. Qf7 Be6 70. Qe7 Bb3 71. Bf1 Ne6 72. Qh4 h6 73.
Qh5 Rd8 74. Qg6 Rd1 75. Qe8+ Kh7 76. Qh5 Rcc1 77. Qf5+ Kh8 78. Qxe5 Rxf1+ 79.
Kg2 Rg1+ 80. Kf2 Rcf1+ 81. Ke3 Re1+ 82. Kf2 Kh7 83. Qf5+ Kg8 84. Qb5 Bc2 85.
Qb8+ Kf7 86. Qb7+ Kf6 87. e5+ Kxe5 88. Rh5+ Kf6 89. Qf3+ Kg6 90. Qg4+ Kh7 91.
Qc4 Be4 92. Qa6 g6 93. Rh4 Ng5 94. Qa7+ Kg8 95. Qb8+ Kf7 96. Qc7+ Ke6 97. Qc4+
Kf6 98. Qd4+ Kf5 99. Rf4+ Ke6 100. Rf6+ Ke7 101. Qd6+ Ke8 102. Rf8# {
QueenMaxima checkmated} 1-0

[Event "ICS rated blitz match"]
[Site "204.178.125.65"]
[Date "2000.10.08"]
[Round "?"]
[White "Frank-theFrog"]
[Black "Hossa"]
[Result "0-1"]
[WhiteElo "2609"]
[BlackElo "2615"]
[PlyCount "90"]
[EventDate "2000.??.??"]

1. e4 e5 2. Nf3 Nc6 3. c3 Nf6 4. d4 Nxe4 5. d5 Nb8 6. Nxe5 Bc5 7. Qg4 Nxf2 8.
Qxg7 Rf8 9. Bg5 f6 10. Be2 Qe7 11. Qxe7+ Kxe7 12. Rf1 fxg5 13. b4 Bd6 14. Nc4
Bxh2 15. Rxf2 Bg3 16. Bf3 g4 17. d6+ cxd6 18. Nbd2 gxf3 19. gxf3 Nc6 20. Ke2
Bxf2 21. Kxf2 d5 22. Ne3 d4 23. Nd5+ Kd8 24. c4 Ne5 25. Kg3 Nd3 26. Rd1 a5 27.
b5 h6 28. Nb6 Rg8+ 29. Kh4 Ra7 30. Ne4 Ne5 31. Nd6 Kc7 32. Nbxc8 Rxc8 33. c5
Raa8 34. Nxc8 Rxc8 35. f4 Ng6+ 36. Kg4 Kd8 37. c6 bxc6 38. bxc6 Rxc6 39. Rxd4
Rc2 40. a4 Rf2 41. Kg3 Rf1 42. Kg4 Ke7 43. Kf5 Nf8 44. Rd5 Ne6 45. Rxa5 Rxf4+ {
Frank-theFrog resigns} 0-1

[Event "ICS rated blitz match"]
[Site "204.178.125.65"]
[Date "2000.10.08"]
[Round "?"]
[White "Hossa"]
[Black "Frank-theFrog"]
[Result "0-1"]
[WhiteElo "2631"]
[BlackElo "2593"]
[PlyCount "166"]
[EventDate "2000.??.??"]

1. e4 Nf6 2. e5 Nd5 3. d4 d6 4. Nf3 g6 5. Bc4 Nb6 6. Bb3 Bg7 7. a4 a5 8. O-O
O-O 9. h3 dxe5 10. dxe5 Nc6 11. Bf4 Be6 12. Nc3 Bxb3 13. cxb3 Nb4 14. Qe2 Qd3
15. Rfd1 Qxe2 16. Nxe2 N6d5 17. Bg3 Rad8 18. Nc3 c6 19. Nd4 h6 20. Rd2 e6 21.
Ne4 Kh7 22. Rad1 b6 23. Nd6 Rd7 24. h4 Rfd8 25. h5 gxh5 26. Bh4 Rg8 27. Nf3 Bh8
28. Nc4 Rc7 29. Bg3 Rg4 30. Nh2 Rg6 31. Re1 Bg7 32. Nf3 Bf8 33. Red1 Bc5 34.
Bh2 Rd7 35. g3 Rg7 36. Nh4 Be7 37. Ng2 Bd8 38. Rd4 b5 39. axb5 cxb5 40. Na3 Rb7
41. Rc1 Bc7 42. Rdd1 Bxe5 43. Rc5 Bxb2 44. Nxb5 Na6 45. Rc6 Nb8 46. Nd6 Rxb3
47. Rc8 a4 48. Ne4 a3 49. Nc5 Rc3 50. Rxb8 Rxc5 51. Kf1 Ra5 52. Ne3 Nxe3+ 53.
fxe3 Be5 54. Rbb1 a2 55. Ra1 Bxa1 56. Rxa1 Rg8 57. g4 hxg4 58. Bg3 f5 59. Ke2
h5 60. Bc7 Ra6 61. Be5 h4 62. Rh1 h3 63. Kd2 Rg5 64. Kc2 Rh5 65. Kb2 Ra5 66.
Bh2 f4 67. Bxf4 a1=Q+ 68. Rxa1 Rhb5+ 69. Kc3 Rxa1 70. Bg3 Ra3+ 71. Kc4 Rb2 72.
Kd4 Rg2 73. Bd6 Rd2+ 74. Kc5 Rc3+ 75. Kb4 Rxd6 76. Kxc3 g3 77. e4 h2 78. Kc4 g2
79. Kc5 Rd2 80. Kc4 g1=Q 81. Kb5 Qb1+ 82. Kc5 h1=Q 83. e5 Qhc1# {
Hossa checkmated} 0-1

[Event "ICS rated blitz match"]
[Site "204.178.125.65"]
[Date "2000.10.08"]
[Round "?"]
[White "QueenMaxima"]
[Black "Hossa"]
[Result "0-1"]
[WhiteElo "2505"]
[BlackElo "2613"]
[PlyCount "160"]
[EventDate "2000.??.??"]

1. e3 e5 2. Nc3 Nf6 3. Nf3 e4 4. Nd4 c5 5. Nb3 d5 6. Bb5+ Nc6 7. d3 exd3 8.
cxd3 a6 9. Bxc6+ bxc6 10. Na4 Nd7 11. e4 Bd6 12. Qc2 O-O 13. Be3 d4 14. Bd2 Qe7
15. Na5 Qe6 16. Nxc6 f5 17. f3 fxe4 18. fxe4 Qg4 19. Ba5 Qh4+ 20. Kd1 Nb8 21.
Nxb8 Rxb8 22. Be1 Qh5+ 23. Kc1 Be6 24. b3 Rfc8 25. h4 Rf8 26. Kb2 Rb5 27. Rc1
Qe8 28. Qe2 Qb8 29. Ka1 a5 30. Bd2 Kh8 31. Bg5 Rf7 32. e5 Bf8 33. Rhe1 h6 34.
Bd2 Rxb3 35. Nxc5 Bxc5 36. Rxc5 Rb2 37. Rc4 Rc7 38. Rec1 Bxc4 39. dxc4 Rcb7 40.
Qd1 Qxe5 41. Qe1 Qf5 42. Bxa5 Rxg2 43. Bb4 Rb8 44. a3 Qd3 45. Qf1 Qe4 46. Qe1
Qf5 47. Qf1 Qg6 48. Qf4 Rd8 49. Bc5 d3 50. Qf3 Re2 51. Bb4 Rh2 52. Rd1 Rc2 53.
Qf4 Qe6 54. Rf1 Rxc4 55. Qf5 Rc1+ 56. Rxc1 Qxf5 57. Rd1 Qg4 58. Rd2 Qxh4 59.
Kb1 Rb8 60. Rb2 d2 61. Rxd2 Rxb4+ 62. axb4 Qxb4+ 63. Kc1 Qxd2+ 64. Kxd2 g5 65.
Kd3 h5 66. Ke4 Kg7 67. Kf5 h4 68. Kg4 Kg6 69. Kf3 Kf5 70. Ke3 g4 71. Kf2 Kf4
72. Kg1 h3 73. Kh2 Kf3 74. Kg1 g3 75. Kf1 g2+ 76. Ke1 g1=Q+ 77. Kd2 Qc5 78. Kd3
h2 79. Kd2 h1=Q 80. Kd3 Qd1# {QueenMaxima checkmated} 0-1

[Event "ICS Rated blitz match"]
[Site "204.178.125.65"]
[Date "2000.10.08"]
[Round "?"]
[White "Hossa"]
[Black "byebye"]
[Result "1-0"]
[WhiteElo "2624"]
[BlackElo "2007"]
[PlyCount "41"]
[EventDate "2000.??.??"]

1. e4 c5 2. Nf3 d6 3. d4 cxd4 4. Nxd4 Nf6 5. Nc3 a6 6. Bg5 e6 7. f4 Be7 8. Qf3
Qc7 9. O-O-O Bd7 10. Bd3 Nc6 11. Nxc6 Bxc6 12. Qg3 O-O-O 13. e5 Nd5 14. Nxd5
Bxd5 15. Bxe7 Qxe7 16. exd6 Qxd6 17. Kb1 g6 18. Be4 Qc6 19. Bxd5 Rxd5 20. Rxd5
Qxd5 21. Qc3+ {byebye resigns} 1-0

[Event "ICS rated blitz match"]
[Site "204.178.125.65"]
[Date "2000.10.08"]
[Round "?"]
[White "byebye"]
[Black "Hossa"]
[Result "0-1"]
[WhiteElo "2006"]
[BlackElo "2625"]
[PlyCount "60"]
[EventDate "2000.??.??"]

1. e4 c5 2. Nc3 g6 3. Bc4 Nc6 4. f4 Bh6 5. d3 Na5 6. Bb3 Nxb3 7. axb3 d6 8. Nf3
Nf6 9. O-O O-O 10. e5 Ne8 11. Ne4 Ng7 12. exd6 exd6 13. Bd2 Bf5 14. Ng3 Bg4 15.
h3 Be6 16. d4 cxd4 17. Nxd4 Qf6 18. Bc3 Qh4 19. Qf3 Bd7 20. f5 Rae8 21. Rxa7
Be3+ 22. Kh2 Bxd4 23. Rxb7 Re3 24. Rxd7 Rxf3 25. Rxf3 Bxc3 26. bxc3 Qf6 27.
fxg6 Qxg6 28. Rd3 Ne8 29. h4 Qg4 30. Rb7 Qxh4+ {byebye resigns} 0-1

[Event "ICS rated blitz match"]
[Site "204.178.125.65"]
[Date "2000.10.08"]
[Round "?"]
[White "Hossa"]
[Black "Pi"]
[Result "0-1"]
[WhiteElo "2626"]
[BlackElo "2725"]
[PlyCount "110"]
[EventDate "2000.??.??"]

1. e4 c5 2. Nf3 Nc6 3. d4 cxd4 4. Nxd4 g6 5. Nc3 Bg7 6. Be3 Nf6 7. Bc4 O-O 8.
Bb3 d6 9. f3 Bd7 10. Nxc6 Bxc6 11. Qd2 a5 12. a4 e6 13. O-O d5 14. Qd3 Nxe4 15.
fxe4 d4 16. Bxd4 Qxd4+ 17. Kh1 Qc5 18. Qf3 Bxc3 19. bxc3 Qe5 20. Rae1 f5 21.
Qh3 Bxe4 22. Rd1 Rad8 23. Rd4 Rd6 24. Qh6 Rfd8 25. Qd2 Rxd4 26. cxd4 Rxd4 27.
Qe2 Qd6 28. Qe1 Rd2 29. Bxe6+ Kg7 30. Rg1 Bxg2+ 31. Rxg2 Rd1 32. Qxd1 Qxd1+ 33.
Rg1 Qf3+ 34. Rg2 Qd1+ 35. Rg1 Qe2 36. Bb3 Qe4+ 37. Rg2 f4 38. h3 f3 39. Rg4
Qe1+ 40. Rg1 f2 41. Rxe1 fxe1=Q+ 42. Kg2 h5 43. Kf3 h4 44. Kf4 Qe2 45. Bc4
Qxc4+ 46. Ke3 Qxa4 47. Kd3 Qd7+ 48. Ke3 Qxh3+ 49. Kd4 a4 50. Kc5 Qc3+ 51. Kb5
a3 52. Kb6 a2 53. Kxb7 a1=Q 54. Kb6 Qaa5+ 55. Kb7 Qcc7# {Hossa checkmated} 0-1

[Event "ICS rated blitz match"]
[Site "204.178.125.65"]
[Date "2000.10.08"]
[Round "?"]
[White "Varguz"]
[Black "Hossa"]
[Result "1-0"]
[WhiteElo "2722"]
[BlackElo "2614"]
[PlyCount "115"]
[EventDate "2000.??.??"]

1. e4 c5 2. Nc3 g6 3. f4 Nc6 4. Nf3 Bh6 5. d4 cxd4 6. Nxd4 Nf6 7. e5 Nh5 8.
Nxc6 dxc6 9. Qxd8+ Kxd8 10. Bc4 Nxf4 11. g3 b5 12. Bf1 b4 13. Na4 g5 14. gxf4
gxf4 15. Nc5 f6 16. Nd3 Bf5 17. exf6 exf6 18. Nxb4 Be4 19. Rg1 Re8 20. Kf2 Bf8
21. Na6 Bd6 22. Bg2 f5 23. Rd1 Ke7 24. Rxd6 Kxd6 25. Bxf4+ Kd7 26. Nc5+ Kd8 27.
Rd1+ Ke7 28. Nxe4 fxe4 29. Bxe4 Rec8 30. Ke3 h5 31. Rd6 Kf8 32. Bxc6 Rab8 33.
Rd7 Rxc6 34. Bxb8 Rxc2 35. Be5 a6 36. Rd6 a5 37. Ra6 Ke7 38. Rxa5 Ke6 39. b4
Rc4 40. Rb5 Rc8 41. a4 Ra8 42. a5 Kf5 43. Bf4+ Kg4 44. Rg5+ Kh4 45. Rg3 Re8+
46. Kd3 Rd8+ 47. Kc3 Rd5 48. a6 Rc5+ 49. Kb3 Rf5 50. Bg5+ Rxg5 51. Rxg5 Kh3 52.
Rg3+ Kxh2 53. Rg7 h4 54. b5 Kh1 55. a7 Kh2 56. a8=Q h3 57. Qa7 Kh1 58. Qg1# {
Hossa checkmated} 1-0

[Event "ICS rated blitz match"]
[Site "204.178.125.65"]
[Date "2000.10.08"]
[Round "?"]
[White "Hossa"]
[Black "Varguz"]
[Result "0-1"]
[WhiteElo "2603"]
[BlackElo "2733"]
[PlyCount "146"]
[EventDate "2000.??.??"]

1. e4 d6 2. d4 Nf6 3. Nc3 g6 4. Be2 Bg7 5. Nf3 O-O 6. O-O Bg4 7. h3 Bxf3 8.
Bxf3 Nc6 9. d5 Ne5 10. Be2 c6 11. Be3 cxd5 12. exd5 Qa5 13. Re1 a6 14. Qd2 Rfc8
15. Rad1 b5 16. a3 Nc4 17. Bxc4 Rxc4 18. Bh6 Bxh6 19. Qxh6 Qc7 20. Rd3 Re8 21.
Rf3 Qd7 22. Re2 a5 23. Rd3 Qb7 24. b3 Rc5 25. b4 axb4 26. axb4 Rc4 27. Re1 Rxb4
28. Ra1 Rc4 29. Rb1 b4 30. Rf3 Rec8 31. Ne2 Qxd5 32. Ng3 Qc5 33. Re1 Qa7 34.
Nf5 gxf5 35. Rg3+ Ng4 36. hxg4 Rxg4 37. Rh3 Rg7 38. Qd2 Rc4 39. Rh2 Rg6 40. Rh3
e5 41. Qd3 Qc5 42. Rc1 Rc3 43. Qxf5 Qc6 44. g3 b3 45. Qh5 Rxc2 46. Qxh7+ Kf8
47. Rf1 b2 48. Qh8+ Ke7 49. Qb8 Qa6 50. Rh8 Rc1 51. Qd8+ Ke6 52. Qe8+ Kf6 53.
Qd8+ Kf5 54. Qd7+ Ke4 55. Rh4+ Kd5 56. Qxf7+ Re6 57. Qf3+ e4 58. Qb3+ Kc6 59.
Kh2 Qxf1 60. Qa4+ Qb5 61. Qa8+ Qb7 62. Qa4+ Kc5 63. Rh5+ d5 64. Qa5+ Kc4 65.
Qa4+ Kd3 66. Qa3+ Ke2 67. Kg2 e3 68. Qa2 exf2 69. Rf5 Rg1+ 70. Kh3 Rh1+ 71. Kg2
d4+ 72. Qd5 Qxd5+ 73. Rxd5 f1=Q# {Hossa checkmated} 0-1

[Event "ICS rated standard match"]
[Site "204.178.125.65"]
[Date "2000.10.08"]
[Round "?"]
[White "UltimateFuchen"]
[Black "Hossa"]
[Result "0-1"]
[WhiteElo "1959"]
[BlackElo "2405"]
[PlyCount "29"]
[EventDate "2000.??.??"]

1. Nf3 d5 2. d3 Nf6 3. Nbd2 Nc6 4. g3 e5 5. Bg2 Bd6 6. O-O a5 7. e4 dxe4 8.
dxe4 O-O 9. c3 a4 10. Nc4 Nxe4 11. Nxd6 Nxd6 12. Bg5 f6 13. Qd5+ Nf7 14. Qxd8
Rxd8 15. Be3 {UltimateFuchen resigns} 0-1

[Event "ICS rated blitz match"]
[Site "204.178.125.65"]
[Date "2000.10.08"]
[Round "?"]
[White "byebye"]
[Black "Hossa"]
[Result "0-1"]
[WhiteElo "1999"]
[BlackElo "2593"]
[PlyCount "61"]
[EventDate "2000.??.??"]

1. e4 e6 2. Nc3 c5 3. Bc4 Nc6 4. d3 Na5 5. Nf3 Nxc4 6. dxc4 d6 7. O-O Be7 8.
Qe2 Nf6 9. Bg5 Qb6 10. b3 O-O 11. Rad1 Rd8 12. a4 Bd7 13. e5 dxe5 14. Nxe5 Bc6
15. Rfe1 Rxd1 16. Nxd1 Qc7 17. Bf4 Bd6 18. Nxf7 Bxf4 19. Ne5 Be4 20. Nd3 Bxh2+
21. Kf1 Qc6 22. Ne3 Rd8 23. f3 Nh5 24. Qd1 Bxd3+ 25. cxd3 Qd6 26. Ng4 Ng3+ 27.
Kf2 Qd4+ 28. Ne3 Nf5 29. g4 Bg3+ 30. Kg2 Bxe1 31. gxf5 {byebye resigns} 0-1

[Event "ICS rated blitz match"]
[Site "204.178.125.65"]
[Date "2000.10.08"]
[Round "?"]
[White "Hossa"]
[Black "fog"]
[Result "1-0"]
[WhiteElo "2594"]
[BlackElo "2368"]
[PlyCount "115"]
[EventDate "2000.??.??"]

1. e4 c5 2. Nf3 d6 3. d4 cxd4 4. Qxd4 Nc6 5. Qd1 Nf6 6. Nc3 g6 7. Bc4 Bg7 8.
O-O O-O 9. h3 a6 10. Be3 b5 11. Bd5 Bb7 12. Bxc6 Bxc6 13. e5 Bxf3 14. Qxf3 dxe5
15. Qb7 Qd7 16. Qxd7 Nxd7 17. a4 bxa4 18. Nd5 e6 19. Ne7+ Kh8 20. Rxa4 Rfe8 21.
Nc6 Rec8 22. Rc4 e4 23. c3 f5 24. Rd1 Ne5 25. Nxe5 Bxe5 26. Rb4 Rab8 27. Bb6
Kg8 28. Ra1 Bd6 29. Rb3 Ra8 30. Rd1 Bf8 31. Bd4 Rab8 32. Rxb8 Rxb8 33. Ra1 Rxb2
34. Rxa6 Kf7 35. Ra7+ Kg8 36. g3 Rc2 37. Rc7 Rd2 38. Kf1 Ra2 39. c4 Rd2 40. Be5
Bh6 41. Rc8+ Kf7 42. Rh8 Bg5 43. Rxh7+ Kf8 44. Rg7 e3 45. fxe3 Bxe3 46. Rxg6
Kf7 47. Rg7+ Kf8 48. Rc7 Rf2+ 49. Ke1 Rc2 50. c5 Kg8 51. c6 Bb6 52. Rc8+ Kf7
53. h4 Kg6 54. c7 Bxc7 55. Rxc7 Rxc7 56. Bxc7 Kh5 57. Kf2 Kg4 58. Ke3 {
fog resigns} 1-0

[Event "ICS rated blitz match"]
[Site "204.178.125.65"]
[Date "2000.10.08"]
[Round "?"]
[White "fog"]
[Black "Hossa"]
[Result "1/2-1/2"]
[WhiteElo "2361"]
[BlackElo "2601"]
[PlyCount "150"]
[EventDate "2000.??.??"]

1. e4 e5 2. Nf3 Nc6 3. Bc4 Bc5 4. O-O Nf6 5. d3 d6 6. a3 Nd4 7. Nxd4 Bxd4 8. c3
Bb6 9. Bg5 O-O 10. Nd2 c6 11. Bb3 Kh8 12. Nc4 Bc7 13. Qf3 Be6 14. Ba2 h6 15.
Bxf6 Qxf6 16. Qxf6 gxf6 17. Ne3 Kg7 18. Rfe1 Bd7 19. Bb3 Rg8 20. Bd1 Bb6 21.
Bg4 Bxg4 22. Nxg4 Kg6 23. h3 Kg5 24. Kf1 f5 25. exf5 h5 26. Ne3 Bxe3 27. Rxe3
Kxf5 28. Rd1 d5 29. Rde1 f6 30. Rf3+ Ke6 31. Rfe3 c5 32. f4 Raf8 33. Kg1 d4 34.
cxd4 cxd4 35. Re4 Rg3 36. fxe5 Rxd3 37. exf6+ Kf5 38. Re7 Rxf6 39. Rf1+ Kg6 40.
Rxf6+ Kxf6 41. Rxb7 Rd1+ 42. Kf2 a5 43. Rb5 Kg6 44. b3 Rd3 45. h4 a4 46. bxa4
Rxa3 47. a5 Ra2+ 48. Kf3 d3 49. Ke3 d2 50. Ke2 Kh6 51. Rb6+ Kg7 52. a6 Kh7 53.
g3 Kg7 54. Kd1 Kh7 55. Rb7+ Kg6 56. a7 Kf5 57. Rg7 Kf6 58. Rg5 Rxa7 59. Rxh5
Rg7 60. Rh6+ Kf5 61. Rd6 Rxg3 62. Rxd2 Kg6 63. Rd4 Kh7 64. Ke1 Kh8 65. Kf2 Rh3
66. Kg2 Re3 67. Rg4 Re1 68. Kg3 Rg1+ 69. Kf4 Rxg4+ 70. Kxg4 Kg8 71. h5 Kh8 72.
h6 Kg8 73. h7+ Kh8 74. Kf5 Kg7 75. h8=R Kxh8 {
Game drawn because neither player has mating material} 1/2-1/2

[Event "ICS rated blitz match"]
[Site "204.178.125.65"]
[Date "2000.10.08"]
[Round "?"]
[White "Hossa"]
[Black "QueenMaxima"]
[Result "1-0"]
[WhiteElo "2591"]
[BlackElo "2504"]
[PlyCount "105"]
[EventDate "2000.??.??"]

1. e4 c5 2. Nf3 e6 3. d4 cxd4 4. Nxd4 Nc6 5. Nc3 Qc7 6. Be2 a6 7. O-O Nf6 8.
Kh1 Be7 9. Bg5 h6 10. Be3 Bb4 11. Na4 Nxe4 12. Nxc6 Qxc6 13. Nb6 Rb8 14. Qd4
Bf8 15. Bf3 f5 16. Bf4 Qc5 17. Bh5+ Kd8 18. Qxc5 Bxc5 19. Bxb8 Bxb6 20. Kg1 d6
21. Bf3 Ke7 22. Bxe4 fxe4 23. Rad1 Rd8 24. Rfe1 e3 25. Rxe3 Bxe3 26. fxe3 Rd7
27. Kf2 b5 28. e4 e5 29. Rd3 Ke6 30. Ke3 Bb7 31. b3 Ba8 32. c4 bxc4 33. bxc4
Bc6 34. g4 g5 35. Ra3 Rb7 36. Rb3 Rf7 37. Rd3 Rd7 38. h3 a5 39. Rd2 a4 40. a3
h5 41. gxh5 Bb7 42. h6 Ba8 43. Bxd6 Bc6 44. Bf8 Rd4 45. Rxd4 exd4+ 46. Kxd4 Kf7
47. h7 Kxf8 48. h8=Q+ Ke7 49. Qe5+ Kd8 50. Kc5 Ba8 51. Kd6 Bc6 52. Qe7+ Kc8 53.
Qc7# {QueenMaxima checkmated} 1-0

[Event "ICS rated blitz match"]
[Site "204.178.125.65"]
[Date "2000.10.08"]
[Round "?"]
[White "kondor"]
[Black "Hossa"]
[Result "0-1"]
[WhiteElo "1930"]
[BlackElo "2603"]
[PlyCount "48"]
[EventDate "2000.??.??"]

1. Nf3 Nf6 2. g3 d5 3. Bg2 c6 4. O-O Bf5 5. c4 dxc4 6. Nc3 e6 7. a4 Bb4 8. a5
Na6 9. Ne5 Qd4 10. Nxc6 bxc6 11. Bxc6+ Ke7 12. Bxa8 Rxa8 13. e3 Qd8 14. Qf3 Nc5
15. Qc6 Bh3 16. Re1 Rc8 17. Qb5 Nd3 18. Re2 Bg4 19. b3 Qd7 20. bxc4 Bxc3 21.
dxc3 Qxb5 22. cxb5 Bxe2 23. Ba3+ Ke8 24. Kg2 Rxc3 {kondor resigns} 0-1